[Event "Blitz Nancy 2018"]
[Site "Nancy"]
[Date "2018.03.03"]
[Round "1.1"]
[White "ZACHARY, Bastian"]
[Black "LE ROUX, Jean-Pierre"]
[Result "0-1"]
[BlackElo "2617"]
[WhiteElo "1860"]
[LiveChessVersion "1.4.8"]

1. d4 {[%clk 0:04:03]} Nf6 {[%clk 0:04:03]} 2. Nf3 {[%clk 0:04:04]} g6
{[%clk 0:04:04]} 3. c4 {[%clk 0:04:05]} Bg7 {[%clk 0:04:05]} 4. Nc3
{[%clk 0:04:05]} d5 {[%clk 0:04:07]} 5. cxd5 {[%clk 0:04:05]} Nxd5
{[%clk 0:04:07]} 6. e4 {[%clk 0:04:06]} Nxc3 {[%clk 0:04:08]} 7. bxc3
{[%clk 0:04:07]} c5 {[%clk 0:04:09]} 8. Bb5+ {[%clk 0:04:07]} Bd7
{[%clk 0:04:06]} 9. Be2 {[%clk 0:04:08]} O-O {[%clk 0:04:01]} 10. O-O
{[%clk 0:04:07]} Nc6 {[%clk 0:03:56]} 11. Be3 {[%clk 0:04:07]} Qc7
{[%clk 0:03:43]} 12. Qc2 {[%clk 0:03:57]} Rac8 {[%clk 0:03:37]} 13. Rac1
{[%clk 0:03:56]} Rfd8 {[%clk 0:03:12]} 14. Rfd1 {[%clk 0:03:45]} Na5
{[%clk 0:02:56]} 15. d5 {[%clk 0:03:37]} b5 {[%clk 0:02:45]} 16. Rb1
{[%clk 0:03:25]} a6 {[%clk 0:02:44]} 17. a4 {[%clk 0:03:13]} bxa4
{[%clk 0:02:26]} 18. Bxa6 {[%clk 0:03:09]} Rb8 {[%clk 0:02:26]} 19. Be2
{[%clk 0:02:23]} Rb3 {[%clk 0:02:09]} 20. Rxb3 {[%clk 0:01:53]} axb3
{[%clk 0:02:06]} 21. Qb2 {[%clk 0:01:53]} Bg4 {[%clk 0:01:39]} 22. Qa3
{[%clk 0:01:46]} Rc8 {[%clk 0:01:24]} 23. Ra1 {[%clk 0:01:37]} Bxc3
{[%clk 0:01:23]} 24. Rc1 {[%clk 0:01:30]} b2 {[%clk 0:01:20]} 25. Rb1
{[%clk 0:01:28]} Bg7 {[%clk 0:01:19]} 26. Bd2 {[%clk 0:01:21]} Nb7
{[%clk 0:01:05]} 27. Bc3 {[%clk 0:01:20]} Bxc3 {[%clk 0:00:57]} 28. Qxc3
{[%clk 0:01:20]} Nd6 {[%clk 0:00:58]} 29. e5 {[%clk 0:01:18]} Nf5
{[%clk 0:00:47]} 30. Qxb2 {[%clk 0:01:14]} Bxf3 {[%clk 0:00:44]} 31. Bxf3 Nd4 32.
Qb7 {[%clk 0:01:07]} Qxb7 {[%clk 0:00:45]} 33. Rxb7 {[%clk 0:01:07]} c4
{[%clk 0:00:45]} 34. d6 {[%clk 0:01:02]} exd6 {[%clk 0:00:46]} 35. exd6
{[%clk 0:01:03]} c3 {[%clk 0:00:44]} 36. d7 {[%clk 0:01:03]} Rd8 {[%clk 0:00:44]}
37. Rc7 {[%clk 0:00:59]} c2 {[%clk 0:00:44]} 38. h3 {[%clk 0:00:38]} Rxd7
{[%clk 0:00:43]} 39. Rc8+ {[%clk 0:00:39]} Kg7 {[%clk 0:00:44]} 40. Be4
{[%clk 0:00:37]} c1=Q+ 0-1

[Event "Blitz Nancy 2018"]
[Site "Nancy"]
[Date "2018.03.03"]
[Round "1.2"]
[White "GUREVICH, Mikhail"]
[Black "MAASS, Walter"]
[Result "1-0"]
[BlackElo "1859"]
[WhiteElo "2582"]
[LiveChessVersion "1.4.8"]

1. c4 {[%clk 0:04:00]} e5 {[%clk 0:04:01]} 2. Nc3 {[%clk 0:04:00]} Nf6
{[%clk 0:04:02]} 3. Nf3 {[%clk 0:04:01]} Nc6 {[%clk 0:04:03]} 4. a3
{[%clk 0:04:01]} Be7 {[%clk 0:03:53]} 5. d3 {[%clk 0:04:00]} O-O {[%clk 0:03:53]}
6. g3 {[%clk 0:04:00]} d5 {[%clk 0:03:51]} 7. cxd5 {[%clk 0:03:59]} Nxd5
{[%clk 0:03:51]} 8. Bg2 {[%clk 0:04:00]} Nb6 {[%clk 0:03:53]} 9. O-O
{[%clk 0:03:57]} Be6 {[%clk 0:03:35]} 10. Be3 {[%clk 0:03:26]} f6
{[%clk 0:03:14]} 11. Rc1 {[%clk 0:03:06]} Qd7 {[%clk 0:03:05]} 12. Ne4
{[%clk 0:02:59]} Rfd8 {[%clk 0:02:28]} 13. Bc5 {[%clk 0:02:41]} Bd6
{[%clk 0:02:12]} 14. b4 {[%clk 0:02:34]} Rac8 {[%clk 0:00:57]} 15. Qc2
{[%clk 0:01:31]} Qf7 {[%clk 0:00:44]} 16. Qb1 {[%clk 0:00:48]} Ba2
{[%clk 0:00:20]} 17. Qa1 {[%clk 0:00:48]} Na4 {[%clk 0:00:21]} 18. Be3
{[%clk 0:00:40]} Bd5 {[%clk 0:00:18]} 19. Nfg5 {[%clk 0:00:32]} 1-0

[Event "Blitz Nancy 2018"]
[Site "Nancy"]
[Date "2018.03.03"]
[Round "1.3"]
[White "MOSTEFA KARA, Camil"]
[Black "BOK, Benjamin"]
[Result "0-1"]
[BlackElo "2579"]
[WhiteElo "1850"]
[LiveChessVersion "1.4.8"]

1. d4 {[%clk 0:04:02]} Nf6 {[%clk 0:04:03]} 2. c4 {[%clk 0:03:57]} e6
{[%clk 0:04:04]} 3. Nf3 {[%clk 0:03:55]} d5 {[%clk 0:04:05]} 4. Nc3
{[%clk 0:03:46]} c6 {[%clk 0:04:05]} 5. cxd5 {[%clk 0:03:30]} exd5
{[%clk 0:04:06]} 6. Qc2 {[%clk 0:03:31]} Bd6 {[%clk 0:03:26]} 7. Bg5
{[%clk 0:03:29]} Nbd7 {[%clk 0:03:14]} 8. e3 {[%clk 0:03:30]} Nf8
{[%clk 0:02:58]} 9. Bd3 {[%clk 0:02:54]} Ng6 {[%clk 0:02:58]} 10. h4
{[%clk 0:02:55]} Be7 {[%clk 0:01:32]} 11. h5 {[%clk 0:02:41]} Nf8
{[%clk 0:01:33]} 12. Ne5 {[%clk 0:02:31]} h6 {[%clk 0:01:07]} 13. Bf4
{[%clk 0:02:03]} Ne6 {[%clk 0:00:58]} 14. Bg3 {[%clk 0:02:03]} O-O
{[%clk 0:00:54]} 15. f4 {[%clk 0:02:01]} c5 {[%clk 0:00:53]} 16. dxc5
{[%clk 0:01:00]} Bxc5 {[%clk 0:00:53]} 17. Bf2 {[%clk 0:00:54]} Qb6
{[%clk 0:00:36]} 18. Qe2 {[%clk 0:00:41]} d4 {[%clk 0:00:34]} 19. Ne4
{[%clk 0:00:30]} Nxe4 {[%clk 0:00:31]} 20. Bxe4 {[%clk 0:00:29]} dxe3
{[%clk 0:00:31]} 21. Bg3 {[%clk 0:00:25]} Nd4 {[%clk 0:00:31]} 22. Qd3
{[%clk 0:00:22]} Qb4+ {[%clk 0:00:22]} 23. Kf1 {[%clk 0:00:21]} e2+
{[%clk 0:00:22]} 24. Kf2 {[%clk 0:00:16]} Qxb2 {[%clk 0:00:18]} 25. Bh7+
{[%clk 0:00:07]} Kh8 {[%clk 0:00:19]} 26. Bg6 {[%clk 0:00:04]} e1=Q+
{[%clk 0:00:11]} 27. Kxe1 {[%clk 0:00:06]} Qxa1+ {[%clk 0:00:11]} 28. Kf2
{[%clk 0:00:07]} Ne6+ {[%clk 0:00:08]} 29. Kf3 {[%clk 0:00:06]} Qxh1
{[%clk 0:00:07]} 30. Nxf7+ {[%clk 0:00:06]} Rxf7 {[%clk 0:00:07]} 31. Bxf7
{[%clk 0:00:06]} Nd4+ {[%clk 0:00:07]} 32. Kf2 {[%clk 0:00:04]} Bg4
{[%clk 0:00:07]} 33. Bc4 Nf5+ 34. Ke2 {[%clk 0:00:03]} 0-1

[Event "Blitz Nancy 2018"]
[Site "Nancy"]
[Date "2018.03.03"]
[Round "1.4"]
[White "FELLER, Sebastien"]
[Black "YILMAZ, Ezgi"]
[Result "1-0"]
[BlackElo "1843"]
[WhiteElo "2575"]
[LiveChessVersion "1.4.8"]

1. d4 {[%clk 0:04:02]} d5 {[%clk 0:04:03]} 2. c4 {[%clk 0:04:04]} c6
{[%clk 0:04:03]} 3. Nf3 {[%clk 0:04:03]} e6 {[%clk 0:04:03]} 4. Nbd2
{[%clk 0:04:04]} Nf6 {[%clk 0:03:59]} 5. g3 {[%clk 0:04:05]} Be7 {[%clk 0:03:47]}
6. Bg2 {[%clk 0:04:05]} O-O {[%clk 0:03:46]} 7. O-O {[%clk 0:04:05]} Nbd7
{[%clk 0:03:44]} 8. Qc2 {[%clk 0:04:02]} Re8 {[%clk 0:03:34]} 9. e4
{[%clk 0:04:01]} dxe4 {[%clk 0:03:25]} 10. Nxe4 {[%clk 0:04:01]} c5
{[%clk 0:03:07]} 11. Rd1 {[%clk 0:03:53]} cxd4 {[%clk 0:02:24]} 12. Nxd4
{[%clk 0:03:52]} Qa5 {[%clk 0:01:50]} 13. Nb5 {[%clk 0:03:33]} Nc5
{[%clk 0:01:09]} 14. b4 {[%clk 0:02:35]} Qxb4 {[%clk 0:00:52]} 15. Bd2
{[%clk 0:02:33]} Qa4 {[%clk 0:00:32]} 16. Qxa4 {[%clk 0:02:33]} Nxa4
{[%clk 0:00:33]} 17. Nc7 {[%clk 0:02:34]} Bd7 {[%clk 0:00:26]} 18. Nxa8
{[%clk 0:02:02]} Rxa8 {[%clk 0:00:26]} 19. Be3 {[%clk 0:01:55]} Bc6
{[%clk 0:00:21]} 20. Nxf6+ {[%clk 0:01:36]} Bxf6 {[%clk 0:00:20]} 21. Bxc6
{[%clk 0:01:36]} bxc6 {[%clk 0:00:20]} 22. Rac1 {[%clk 0:01:33]} h6
{[%clk 0:00:12]} 23. Rd7 {[%clk 0:01:32]} a6 {[%clk 0:00:12]} 24. Rb1
{[%clk 0:01:27]} Nc3 {[%clk 0:00:09]} 25. Rbb7 {[%clk 0:01:23]} Nxa2
{[%clk 0:00:07]} 26. Rxf7 {[%clk 0:01:22]} Rd8 {[%clk 0:00:08]} 27. Bxh6
{[%clk 0:01:14]} Rd1+ {[%clk 0:00:07]} 28. Kg2 {[%clk 0:01:15]} a5
{[%clk 0:00:04]} 29. Bxg7 {[%clk 0:01:13]} Bxg7 {[%clk 0:00:04]} 30. Rxg7+
{[%clk 0:01:13]} 1-0

[Event "Blitz Nancy 2018"]
[Site "Nancy"]
[Date "2018.03.03"]
[Round "3.1"]
[White "GUREVICH, Mikhail"]
[Black "FLICK, Antoine"]
[Result "1-0"]
[BlackElo "2285"]
[WhiteElo "2582"]
[LiveChessVersion "1.4.8"]

1. c4 {[%clk 0:04:02]} c5 {[%clk 0:04:02]} 2. Nc3 {[%clk 0:04:03]} Nc6
{[%clk 0:04:01]} 3. g3 {[%clk 0:04:04]} g6 {[%clk 0:04:02]} 4. Bg2
{[%clk 0:04:05]} Bg7 {[%clk 0:04:03]} 5. Rb1 {[%clk 0:04:06]} d6 {[%clk 0:03:53]}
6. a3 {[%clk 0:04:05]} a5 {[%clk 0:03:47]} 7. d3 {[%clk 0:04:01]} Nf6
{[%clk 0:03:46]} 8. e3 {[%clk 0:03:59]} O-O {[%clk 0:03:38]} 9. Nge2
{[%clk 0:04:00]} Bf5 {[%clk 0:03:31]} 10. h3 {[%clk 0:03:58]} Qc8
{[%clk 0:03:10]} 11. e4 {[%clk 0:03:47]} Bd7 {[%clk 0:03:07]} 12. Be3
{[%clk 0:03:46]} Be6 {[%clk 0:02:22]} 13. Nf4 {[%clk 0:03:40]} Nd7
{[%clk 0:02:09]} 14. O-O {[%clk 0:03:13]} Nd4 {[%clk 0:01:55]} 15. b4
{[%clk 0:02:19]} axb4 {[%clk 0:01:40]} 16. axb4 {[%clk 0:02:19]} Ra3
{[%clk 0:01:23]} 17. Bxd4 {[%clk 0:02:10]} cxd4 {[%clk 0:01:20]} 18. Nb5
{[%clk 0:02:09]} Ra6 {[%clk 0:01:13]} 19. Nd5 {[%clk 0:01:55]} Qd8
{[%clk 0:00:49]} 20. Ndc7 {[%clk 0:01:33]} Rc6 {[%clk 0:00:44]} 21. Nxe6
{[%clk 0:01:32]} fxe6 {[%clk 0:00:45]} 22. h4 {[%clk 0:01:28]} Ne5
{[%clk 0:00:35]} 23. f4 {[%clk 0:01:25]} Nd7 {[%clk 0:00:31]} 24. Bh3
{[%clk 0:01:25]} Rf6 {[%clk 0:00:24]} 25. g4 {[%clk 0:01:24]} Nf8
{[%clk 0:00:22]} 26. g5 {[%clk 0:01:23]} Rf7 {[%clk 0:00:22]} 27. Qe2
{[%clk 0:01:22]} Ra6 {[%clk 0:00:16]} 28. Rf2 {[%clk 0:01:19]} d5
{[%clk 0:00:10]} 29. Rc1 {[%clk 0:01:01]} dxc4 {[%clk 0:00:09]} 30. Rxc4
{[%clk 0:01:01]} Rc6 {[%clk 0:00:10]} 31. Qa2 {[%clk 0:00:52]} e5
{[%clk 0:00:06]} 32. Rxc6 {[%clk 0:00:45]} bxc6 {[%clk 0:00:07]} 33. fxe5
{[%clk 0:00:45]} Qe8 {[%clk 0:00:07]} 34. Nc7 {[%clk 0:00:44]} 1-0

[Event "Blitz Nancy 2018"]
[Site "Nancy"]
[Date "2018.03.03"]
[Round "4.3"]
[White "BELLAHCENE, Bilel"]
[Black "FELLER, Sebastien"]
[Result "1-0"]
[BlackElo "2575"]
[WhiteElo "2447"]
[LiveChessVersion "1.4.8"]

1. Nh3 {[%clk 0:04:00]} d5 {[%clk 0:04:03]} 2. g3 {[%clk 0:04:01]} Nf6
{[%clk 0:04:03]} 3. d4 {[%clk 0:04:02]} c5 {[%clk 0:04:00]} 4. c3
{[%clk 0:03:57]} Nc6 {[%clk 0:03:58]} 5. Bg2 {[%clk 0:03:57]} e6 {[%clk 0:03:45]}
6. O-O {[%clk 0:03:53]} Be7 {[%clk 0:03:45]} 7. dxc5 {[%clk 0:03:49]} Bxc5
{[%clk 0:03:45]} 8. Nf4 {[%clk 0:03:47]} O-O {[%clk 0:03:41]} 9. Nd2
{[%clk 0:03:44]} Bb6 {[%clk 0:03:09]} 10. c4 {[%clk 0:03:23]} d4 {[%clk 0:02:59]}
11. Nb3 {[%clk 0:03:24]} h6 {[%clk 0:02:49]} 12. Nd3 {[%clk 0:02:43]} Re8
{[%clk 0:02:18]} 13. f4 {[%clk 0:02:03]} a5 {[%clk 0:02:13]} 14. c5
{[%clk 0:01:56]} Bc7 {[%clk 0:02:06]} 15. Kh1 {[%clk 0:01:48]} Nd5
{[%clk 0:02:03]} 16. a4 {[%clk 0:01:36]} b6 {[%clk 0:01:44]} 17. Bd2
{[%clk 0:01:33]} Rb8 {[%clk 0:01:41]} 18. Rc1 {[%clk 0:01:31]} b5
{[%clk 0:01:17]} 19. Ra1 {[%clk 0:01:23]} bxa4 {[%clk 0:01:13]} 20. Rxa4
{[%clk 0:01:24]} Nde7 {[%clk 0:00:50]} 21. Qc2 {[%clk 0:01:09]} Ba6
{[%clk 0:00:49]} 22. Rfa1 {[%clk 0:01:07]} Bb5 {[%clk 0:00:48]} 23. R4a3
{[%clk 0:00:59]} a4 {[%clk 0:00:49]} 24. Nbc1 {[%clk 0:01:01]} Nd5
{[%clk 0:00:46]} 25. b3 {[%clk 0:00:58]} axb3 {[%clk 0:00:43]} 26. Rxb3
{[%clk 0:00:59]} Qd7 {[%clk 0:00:37]} 27. Qb2 {[%clk 0:00:55]} Bc4
{[%clk 0:00:36]} 28. Rxb8 {[%clk 0:00:55]} Rxb8 {[%clk 0:00:37]} 29. Qc2
{[%clk 0:00:56]} Bb5 {[%clk 0:00:35]} 30. Qb3 {[%clk 0:00:53]} Nce7
{[%clk 0:00:30]} 31. Qa3 {[%clk 0:00:38]} Bc6 {[%clk 0:00:30]} 32. Qa2
{[%clk 0:00:35]} Nf5 {[%clk 0:00:24]} 33. Rb1 {[%clk 0:00:37]} Ra8
{[%clk 0:00:20]} 34. Qb2 {[%clk 0:00:38]} Nde3 {[%clk 0:00:17]} 35. Bf3
{[%clk 0:00:33]} Bxf3+ {[%clk 0:00:15]} 36. exf3 {[%clk 0:00:34]} Qd5 37. Ne1
Qxc5 {[%clk 0:00:14]} 38. Qb5 {[%clk 0:00:36]} Qxb5 {[%clk 0:00:14]} 39. Rxb5
{[%clk 0:00:37]} Ra1 {[%clk 0:00:15]} 40. Kg1 {[%clk 0:00:33]} Nc4
{[%clk 0:00:16]} 41. Nc2 {[%clk 0:00:32]} Ra8 {[%clk 0:00:12]} 42. Be1
{[%clk 0:00:32]} Bd6 {[%clk 0:00:13]} 43. Kf2 {[%clk 0:00:31]} Rc8
{[%clk 0:00:12]} 44. Nd3 {[%clk 0:00:29]} Nce3 {[%clk 0:00:11]} 45. Na1
{[%clk 0:00:27]} Rb8 {[%clk 0:00:11]} 46. Rxb8+ {[%clk 0:00:27]} Bxb8
{[%clk 0:00:13]} 47. Nb3 {[%clk 0:00:29]} Ba7 {[%clk 0:00:14]} 48. g4
{[%clk 0:00:29]} Ne7 {[%clk 0:00:12]} 49. Ke2 {[%clk 0:00:30]} N7d5
{[%clk 0:00:12]} 50. Bg3 {[%clk 0:00:29]} f6 {[%clk 0:00:12]} 51. h4
{[%clk 0:00:30]} Kf7 {[%clk 0:00:09]} 52. Nd2 {[%clk 0:00:31]} Bb8
{[%clk 0:00:10]} 53. Ne4 {[%clk 0:00:32]} Ba7 {[%clk 0:00:09]} 54. h5
{[%clk 0:00:32]} Ke7 {[%clk 0:00:10]} 55. Be1 {[%clk 0:00:32]} Nc4
{[%clk 0:00:10]} 56. Bb4+ {[%clk 0:00:33]} Nxb4 {[%clk 0:00:11]} 57. Nxb4
{[%clk 0:00:34]} f5 {[%clk 0:00:12]} 58. Ng3 {[%clk 0:00:33]} Bb8
{[%clk 0:00:11]} 59. Nc6+ {[%clk 0:00:34]} Kd6 {[%clk 0:00:12]} 60. Nxb8
{[%clk 0:00:36]} Na5 {[%clk 0:00:10]} 61. Na6 {[%clk 0:00:37]} Kd5
{[%clk 0:00:11]} 62. Nb4+ {[%clk 0:00:38]} Kc4 {[%clk 0:00:12]} 63. Nd3
{[%clk 0:00:39]} Kc3 {[%clk 0:00:14]} 64. gxf5 {[%clk 0:00:39]} exf5
{[%clk 0:00:15]} 65. Nxf5 {[%clk 0:00:40]} Nc6 {[%clk 0:00:16]} 66. Nxg7
{[%clk 0:00:41]} 1-0

[Event "Blitz Nancy 2018"]
[Site "Nancy"]
[Date "2018.03.03"]
[Round "5.2"]
[White "GULIYEV, Namig"]
[Black "BOK, Benjamin"]
[Result "1/2-1/2"]
[BlackElo "2579"]
[WhiteElo "2526"]
[LiveChessVersion "1.4.8"]

1. e4 {[%clk 0:04:03]} e5 {[%clk 0:04:03]} 2. Nf3 {[%clk 0:04:04]} Nc6
{[%clk 0:04:04]} 3. Bb5 {[%clk 0:04:05]} a6 {[%clk 0:04:02]} 4. Ba4
{[%clk 0:04:06]} Nf6 {[%clk 0:04:03]} 5. O-O {[%clk 0:04:06]} Be7
{[%clk 0:04:04]} 6. Re1 {[%clk 0:04:07]} b5 {[%clk 0:04:05]} 7. Bb3
{[%clk 0:04:08]} d6 {[%clk 0:04:07]} 8. c3 {[%clk 0:04:09]} O-O {[%clk 0:04:07]}
9. h3 {[%clk 0:04:07]} Re8 {[%clk 0:04:08]} 10. d4 {[%clk 0:04:08]} Bb7
{[%clk 0:04:09]} 11. Nbd2 {[%clk 0:04:05]} Bf8 {[%clk 0:04:10]} 12. Bc2
{[%clk 0:04:02]} g6 {[%clk 0:04:10]} 13. Nf1 {[%clk 0:04:03]} Bg7
{[%clk 0:04:08]} 14. Ng3 {[%clk 0:04:02]} d5 {[%clk 0:03:42]} 15. exd5
{[%clk 0:03:47]} Nxd5 {[%clk 0:03:30]} 16. dxe5 {[%clk 0:03:38]} Nxe5
{[%clk 0:03:29]} 17. Nxe5 {[%clk 0:03:36]} Rxe5 {[%clk 0:03:14]} 18. Rxe5
{[%clk 0:03:08]} Bxe5 {[%clk 0:03:15]} 19. Ne4 {[%clk 0:03:09]} Nf6
{[%clk 0:02:35]} 20. Qxd8+ {[%clk 0:02:31]} Rxd8 {[%clk 0:02:36]} 21. Bg5
{[%clk 0:02:32]} Bxe4 {[%clk 0:02:28]} 22. Bxe4 {[%clk 0:02:32]} h6
{[%clk 0:02:29]} 23. Bxf6 {[%clk 0:02:23]} Bxf6 {[%clk 0:02:30]} 24. Rc1
{[%clk 0:02:14]} Rd2 {[%clk 0:01:41]} 25. Rc2 {[%clk 0:02:12]} Rxc2
{[%clk 0:01:41]} 1/2-1/2

[Event "Blitz Nancy 2018"]
[Site "Nancy"]
[Date "2018.03.03"]
[Round "5.3"]
[White "SCHCHEKACHEV, Andrei"]
[Black "FEDORCHUK, Sergey"]
[Result "1/2-1/2"]
[BlackElo "2571"]
[WhiteElo "2522"]
[LiveChessVersion "1.4.8"]

1. e4 {[%clk 0:04:03]} e5 {[%clk 0:04:02]} 2. Nf3 {[%clk 0:04:05]} Nc6
{[%clk 0:04:02]} 3. Bb5 {[%clk 0:04:05]} a6 {[%clk 0:04:03]} 4. Ba4
{[%clk 0:04:06]} Nf6 {[%clk 0:04:03]} 5. d3 {[%clk 0:04:07]} b5 {[%clk 0:04:00]}
6. Bb3 {[%clk 0:04:08]} Bc5 {[%clk 0:03:58]} 7. Nc3 {[%clk 0:04:09]} d6
{[%clk 0:03:54]} 8. Nd5 {[%clk 0:04:11]} Nxd5 {[%clk 0:03:36]} 9. Bxd5
{[%clk 0:04:11]} Bd7 {[%clk 0:03:09]} 10. O-O {[%clk 0:04:11]} O-O
{[%clk 0:03:00]} 11. Be3 {[%clk 0:04:09]} 1/2-1/2

[Event "Blitz Nancy 2018"]
[Site "Nancy"]
[Date "2018.03.03"]
[Round "5.4"]
[White "BELLAHCENE, Bilel"]
[Black "DONCHENKO, Alexander"]
[Result "0-1"]
[BlackElo "2547"]
[WhiteElo "2447"]
[LiveChessVersion "1.4.8"]

1. e4 {[%clk 0:04:03]} c6 {[%clk 0:04:03]} 2. Nf3 {[%clk 0:04:04]} d5
{[%clk 0:04:05]} 3. Nc3 {[%clk 0:04:03]} Nf6 {[%clk 0:04:05]} 4. e5
{[%clk 0:04:01]} Ne4 {[%clk 0:04:06]} 5. Ne2 {[%clk 0:04:02]} Qb6
{[%clk 0:04:07]} 6. d4 {[%clk 0:04:03]} e6 {[%clk 0:04:08]} 7. Nfg1
{[%clk 0:04:03]} f6 {[%clk 0:04:08]} 8. f3 {[%clk 0:04:02]} Ng5 {[%clk 0:04:09]}
9. exf6 {[%clk 0:03:58]} gxf6 {[%clk 0:04:10]} 10. f4 {[%clk 0:03:40]} Ne4
{[%clk 0:04:11]} 11. Nf3 {[%clk 0:03:42]} c5 {[%clk 0:04:11]} 12. c3
{[%clk 0:03:33]} Nc6 {[%clk 0:04:11]} 13. Qb3 {[%clk 0:03:01]} Bd7
{[%clk 0:04:10]} 14. Be3 {[%clk 0:03:00]} Qc7 {[%clk 0:04:04]} 15. g3
{[%clk 0:02:51]} Na5 {[%clk 0:03:40]} 16. Qc2 {[%clk 0:02:51]} Nc4
{[%clk 0:03:38]} 17. Bg1 {[%clk 0:02:40]} e5 {[%clk 0:03:28]} 18. b3
{[%clk 0:02:35]} Na3 {[%clk 0:03:21]} 19. Qd1 {[%clk 0:01:38]} cxd4 20. Rc1 Nb5
{[%clk 0:02:41]} 21. Nd2 {[%clk 0:00:44]} Nexc3 {[%clk 0:02:39]} 22. Nxc3
{[%clk 0:00:45]} dxc3 {[%clk 0:02:40]} 23. Qh5+ {[%clk 0:00:42]} Kd8
{[%clk 0:02:41]} 24. Nf3 {[%clk 0:00:40]} Ba3 {[%clk 0:02:28]} 25. Rc2
{[%clk 0:00:38]} exf4 {[%clk 0:02:22]} 26. Bd3 {[%clk 0:00:26]} fxg3
{[%clk 0:02:07]} 27. hxg3 {[%clk 0:00:27]} Qxg3+ {[%clk 0:01:05]} 28. Bf2
{[%clk 0:00:22]} Qd6 {[%clk 0:01:03]} 29. Rg1 {[%clk 0:00:15]} Nc7
{[%clk 0:00:51]} 30. Bg3 {[%clk 0:00:15]} Qb6 {[%clk 0:00:48]} 31. Kd1
{[%clk 0:00:07]} d4 {[%clk 0:00:39]} 32. Qh4 {[%clk 0:00:06]} Bc5
{[%clk 0:00:36]} 33. Be5 {[%clk 0:00:07]} Nd5 {[%clk 0:00:25]} 34. Ke1
{[%clk 0:00:04]} Re8 35. Re2 {[%clk 0:00:05]} Nb4 {[%clk 0:00:23]} 36. Bc4
{[%clk 0:00:04]} d3 {[%clk 0:00:09]} 37. Bxf6+ Kc7 {[%clk 0:00:11]} 38. Be5+
{[%clk 0:00:05]} Bd6 {[%clk 0:00:12]} 39. Re4 {[%clk 0:00:03]} d2+
{[%clk 0:00:12]} 40. Kd1 {[%clk 0:00:05]} Bxe5 41. Rg5 {[%clk 0:00:05]} Bd6
{[%clk 0:00:10]} 42. Bf7 {[%clk 0:00:03]} Rxe4 {[%clk 0:00:11]} 43. Qxe4
{[%clk 0:00:04]} Qc6 {[%clk 0:00:10]} 44. Qxc6+ {[%clk 0:00:05]} Nxc6
{[%clk 0:00:11]} 45. Bd5 {[%clk 0:00:06]} Nb4 {[%clk 0:00:11]} 46. Be4
{[%clk 0:00:07]} Re8 {[%clk 0:00:12]} 47. Bxh7 {[%clk 0:00:07]} Re3
{[%clk 0:00:13]} 48. a3 {[%clk 0:00:08]} Rxf3 {[%clk 0:00:14]} 49. axb4
{[%clk 0:00:10]} Rf1+ {[%clk 0:00:15]} 0-1

[Event "Blitz Nancy 2018"]
[Site "Nancy"]
[Date "2018.03.03"]
[Round "6.1"]
[White "VAN FOREEST, Lucas"]
[Black "GUREVICH, Mikhail"]
[Result "1-0"]
[BlackElo "2582"]
[WhiteElo "2423"]
[LiveChessVersion "1.4.8"]

1. e4 {[%clk 0:04:03]} e6 {[%clk 0:04:02]} 2. d4 {[%clk 0:04:04]} d5
{[%clk 0:04:04]} 3. Nd2 {[%clk 0:04:05]} c5 {[%clk 0:04:04]} 4. exd5
{[%clk 0:04:06]} exd5 {[%clk 0:04:04]} 5. Ngf3 {[%clk 0:04:06]} c4
{[%clk 0:03:58]} 6. b3 {[%clk 0:04:01]} cxb3 {[%clk 0:03:59]} 7. axb3
{[%clk 0:04:01]} Bd6 {[%clk 0:03:59]} 8. Be2 {[%clk 0:03:58]} Ne7
{[%clk 0:03:58]} 9. O-O {[%clk 0:03:55]} O-O {[%clk 0:03:58]} 10. c4
{[%clk 0:03:56]} Nbc6 {[%clk 0:03:58]} 11. Re1 {[%clk 0:03:45]} h6
{[%clk 0:03:53]} 12. Bf1 {[%clk 0:03:33]} Be6 {[%clk 0:03:45]} 13. Bb2
{[%clk 0:03:15]} a6 {[%clk 0:03:35]} 14. Nb1 {[%clk 0:03:05]} Bb4
{[%clk 0:03:26]} 15. Bc3 {[%clk 0:03:01]} Rc8 {[%clk 0:02:55]} 16. Qd2
{[%clk 0:03:01]} Bd6 {[%clk 0:02:47]} 17. c5 {[%clk 0:03:01]} Bc7
{[%clk 0:02:45]} 18. b4 {[%clk 0:03:02]} Ng6 {[%clk 0:02:38]} 19. Na3
{[%clk 0:02:51]} Bg4 {[%clk 0:02:28]} 20. Qe3 {[%clk 0:02:23]} Qd7
{[%clk 0:02:11]} 21. Qd3 {[%clk 0:00:27]} Nf4 {[%clk 0:01:59]} 22. Qd1
{[%clk 0:00:29]} Qf5 {[%clk 0:01:55]} 23. Re3 {[%clk 0:00:29]} Rce8
{[%clk 0:01:43]} 24. b5 {[%clk 0:00:25]} Rxe3 {[%clk 0:01:31]} 25. fxe3
{[%clk 0:00:19]} Nh3+ {[%clk 0:01:27]} 26. gxh3 {[%clk 0:00:19]} Bxf3
{[%clk 0:01:28]} 27. Qd2 {[%clk 0:00:19]} axb5 {[%clk 0:01:10]} 28. Nxb5
{[%clk 0:00:20]} Bb8 {[%clk 0:01:08]} 29. Nd6 {[%clk 0:00:21]} Qg6+
{[%clk 0:01:02]} 30. Bg2 {[%clk 0:00:12]} Bxd6 {[%clk 0:00:56]} 31. cxd6
{[%clk 0:00:13]} Bxg2 {[%clk 0:00:55]} 32. Qxg2 {[%clk 0:00:14]} Qxd6
{[%clk 0:00:56]} 33. Rb1 {[%clk 0:00:15]} Qd7 {[%clk 0:00:45]} 34. Rb5
{[%clk 0:00:09]} Rd8 {[%clk 0:00:31]} 35. h4 {[%clk 0:00:08]} Ne7
{[%clk 0:00:21]} 36. Rb6 {[%clk 0:00:08]} Qc7 {[%clk 0:00:15]} 37. Rb3
{[%clk 0:00:05]} Nf5 {[%clk 0:00:14]} 38. Qf2 {[%clk 0:00:06]} Nd6
{[%clk 0:00:10]} 39. Qe1 {[%clk 0:00:06]} Qd7 {[%clk 0:00:04]} 40. Bb4
{[%clk 0:00:05]} Nf5 {[%clk 0:00:04]} 41. Qf2 {[%clk 0:00:06]} Re8
{[%clk 0:00:04]} 42. Bd2 {[%clk 0:00:06]} Re4 {[%clk 0:00:03]} 43. h5
{[%clk 0:00:07]} Rg4+ 44. Kf1 1-0